Národ a peniaze
Na minha lista:
| Autor principal: | |
|---|---|
| Formato: | Livro |
| Idioma: | eslovaco |
| Publicado em: |
Bratislava
Atrakt
1994
|
| Edição: | 1. vyd. |
| Assuntos: | |
| Tags: |
Sem tags, seja o primeiro a adicionar uma tag!
|
MARC
| LEADER | 00000nam a2200000 4500 | ||
|---|---|---|---|
| 001 | c005724 | ||
| 005 | 20221128073425.3 | ||
| 020 | |a 80-85543-06-0 | ||
| 041 | 0 | |a slo | |
| 044 | |a SK | ||
| 245 | 1 | 0 | |a Národ a peniaze |c Marián Tkáč |
| 250 | |a 1. vyd. | ||
| 264 | 1 | |a Bratislava |b Atrakt |c 1994 | |
| 300 | |a 137 s. | ||
| 610 | 2 | 0 | |a peniaze |
| 610 | 2 | 0 | |a mena |
| 610 | 2 | 0 | |a Slovensko |
| 610 | 2 | 0 | |a politika finančná |
| 610 | 2 | 0 | |a rast hospodársky |
| 610 | 2 | 0 | |a politika vnútorná |
| 610 | 2 | 0 | |a investície |
| 610 | 2 | 0 | |a banky |
| 100 | 1 | |a Tkáč, Marián | |